[Event "AUTO-INT-905"]
[Site "http://www.queenalice.com/game.php?id=404387"]
[Date "2008.5.17"]
[Round "1"]
[White "Tacitus"]
[Black "gordola"]
[Result "1-0"]
[WhiteElo "1486"]
[BlackElo "1381"]

1. e4 e6 2. d4 d5 3. Nc3 dxe4 4. Nxe4 Nc6 5. Nf3 Nf6 6. Bd3 Nxe4 7. Bxe4 f5 8.
Bg5 Be7 9. d5 exd5 10. Bxd5 Bd7 11. O-O h6 12. Be3 Bf6 13. Nd4 Nxd4 14. Bxd4 Qe7
15. Re1 Qxe1+ 16. Qxe1+ Kd8 17. Rd1 Re8 18. Qb4 Bxd4 19. Qxd4 c6 20. Be6 Kc7 21.
Qxd7+ Kb6 22. b4 Rad8 23. Qxd8+ 1-0

[Event "AUTO-INT-905"]
[Site "http://www.queenalice.com/game.php?id=404388"]
[Date "2008.5.17"]
[Round "1"]
[White "gordola"]
[Black "Tacitus"]
[Result "1-0"]
[WhiteElo "1397"]
[BlackElo "1521"]

1. d4 Nf6 2. c4 g6 3. Bg5 Bg7 4. d5 Ne4 5. Be3 Bxb2 6. Bd4 Bxa1 7. Bxh8 Bxh8 8.
Nd2 Nc3 9. Qc2 b6 10. e4 a5 11. Ne2 Nxe2 12. Bxe2 e6 13. O-O exd5 14. exd5 Qe7
15. Qd3 Ba6 16. Bf3 d6 17. h3 c5 18. Nb3 Nd7 19. Qd2 Bxc4 20. Re1 Be5 21. Bg4 f5
22. Bf3 O-O-O 23. Rb1 a4 24. Nc1 Qh4 25. Ne2 g5 26. Ng3 b5 27. Nxf5 Qf4 28. Ne7+
Kc7 29. Qa5+ Nb6 30. Qa7# 1-0

[Event "AUTO-INT-905"]
[Site "http://www.queenalice.com/game.php?id=404399"]
[Date "2008.5.17"]
[Round "1"]
[White "xadrezpetry"]
[Black "gordola"]
[Result "1/2-1/2"]
[WhiteElo "1488"]
[BlackElo "1430"]

1. e4 e5 2. Qh5 Qf6 3. Nf3 g6 4. Qxe5+ Qxe5 5. Nxe5 d6 6. Bb5+ c6 7. Nxf7 Kxf7
8. Bc4+ Be6 9. Na3 Nf6 10. Bxe6+ Kxe6 11. f3 b5 12. O-O Na6 13. d4 d5 14. Re1 b4
15. exd5+ Kxd5 16. Be3 bxa3 17. c4+ Kxc4 18. bxa3 Bxa3 19. g4 Rhe8 20. Rac1+
Bxc1 21. Rxc1+ Kd3 22. Bg5 Nd5 23. Rxc6 Re1+ 24. Kf2 Re2+ 25. Kg3 Rxa2 26. Rd6
Nab4 27. Rd7 Kxd4 28. Rxh7 Rg8 29. h4 a5 30. Ra7 Ra1 31. f4 Ra3+ 32. Kh2 Ke4 33.
Rc7 Nxc7 34. h5 Rd8 35. Bxd8 Ne6 36. hxg6 Ng7 37. f5 Nd5 38. f6 Nxf6 39. Bxf6
Ne6 40. g7 Nxg7 41. Bxg7 Kf4 42. Bf8 Rb3 43. Kg2 Kxg4 44. Kf2 Rb2+ 45. Ke3 Kf5
46. Kd3 Rb8 47. Bc5 Ke5 48. Bd4+ Kd5 49. Bc3 Rb3 50. Kc2 Kc4 51. Bxa5 Ra3 52.
Bd2 Ra2+ 53. Kd1 Kd3 54. Bf4 Ra1+ 55. Bc1 Rxc1+ 56. Kxc1 1/2-1/2

[Event "AUTO-INT-905"]
[Site "http://www.queenalice.com/game.php?id=404400"]
[Date "2008.5.17"]
[Round "1"]
[White "gordola"]
[Black "xadrezpetry"]
[Result "1-0"]
[WhiteElo "1412"]
[BlackElo "1462"]

1. e4 e5 2. Nf3 c6 3. Nxe5 Qe7 4. d4 Qh4 5. Qf3 Bb4+ 6. c3 Ba5 7. Qxf7+ Kd8 8.
Qxg7 Qf6 9. Nf7+ Ke7 10. Qxf6+ Nxf6 11. Nxh8 Nxe4 12. Nd2 Nxd2 13. Bxd2 Kf8 14.
Bc4 d5 15. Bd3 Nd7 16. O-O Kg7 17. b4 Bb6 18. c4 Bxd4 19. Rac1 Kxh8 20. cxd5 Ne5
21. Be4 Nd3 22. Bxd3 cxd5 23. Rfe1 a5 24. Re8+ Kg7 25. Rc7+ Kf6 26. Rcxc8 Rxc8
27. Rxc8 axb4 28. Bxb4 h5 29. Bc3 Ke5 30. Re8+ Kd6 31. Bxd4 b5 32. Bxb5 Kc7 33.
Bc5 h4 34. Re7+ Kd8 35. Rh7 d4 36. Kf1 d3 37. Ke1 Kc8 38. a4 1-0

[Event "AUTO-INT-905"]
[Site "http://www.queenalice.com/game.php?id=404407"]
[Date "2008.5.17"]
[Round "1"]
[White "gordola"]
[Black "Fillipe"]
[Result "0-1"]
[WhiteElo "1375"]
[BlackElo "1824"]

1. d4 d5 2. Nf3 Nc6 3. e3 a6 4. c4 Bg4 5. h3 Bh5 6. Nc3 e6 7. Be2 dxc4 8. O-O b5
9. Ne5 Bxe2 10. Qxe2 Nxe5 11. dxe5 Qd3 12. Qxd3 cxd3 13. Rd1 Rd8 14. b4 Bxb4 15.
Bd2 Ne7 16. a3 Ba5 17. e4 Nc6 18. f4 Nd4 19. Re1 Bxc3 20. Bxc3 Ne2+ 21. Kf2 Nxc3
22. Ke3 d2 0-1

[Event "AUTO-INT-906"]
[Site "http://www.queenalice.com/game.php?id=404540"]
[Date "2008.5.17"]
[Round "1"]
[White "Andre_van_Veelen"]
[Black "gordola"]
[Result "1-0"]
[WhiteElo "1442"]
[BlackElo "1432"]

1. c4 e5 2. Nc3 Nf6 3. Nf3 Bc5 4. Nxe5 O-O 5. d4 Bb4 6. g3 Bxc3+ 7. bxc3 d6 8.
Nf3 c6 9. Bg2 Bf5 10. O-O a5 11. d5 cxd5 12. cxd5 b5 13. Nd4 Be4 14. Bxe4 Nxe4
15. Nxb5 Qf6 16. Qd3 Qe5 17. Bf4 Qf5 18. Nxd6 Qg6 19. Nxe4 Nd7 20. Rab1 f5 21.
Ng5 Nc5 22. Qc4 Ne4 23. Nxe4 fxe4 24. d6+ Kh8 25. e3 Rac8 26. Qd5 Rxc3 27. Qxa5
Rd3 28. Rfd1 h6 29. Rxd3 exd3 30. Rd1 Rf7 31. Qb5 Kh7 32. Rxd3 Rf6 33. a4 Rf8
34. Rd1 Qc2 35. Qd3+ Qxd3 36. Rxd3 1-0

[Event "AUTO-INT-906"]
[Site "http://www.queenalice.com/game.php?id=404541"]
[Date "2008.5.17"]
[Round "1"]
[White "gordola"]
[Black "Andre_van_Veelen"]
[Result "0-1"]
[WhiteElo "1432"]
[BlackElo "1480"]

1. d4 f5 2. Nc3 d5 3. Bf4 Nf6 4. Nf3 e6 5. a3 Be7 6. Nb5 Bd6 7. Bxd6 cxd6 8. e3
O-O 9. c4 a6 10. Nc3 dxc4 11. Bxc4 d5 12. Bb3 Nc6 13. O-O b5 14. Re1 Na5 15. Ne5
Nc4 16. Nc6 Nxb2 17. Nxd8 Nxd1 18. Nxe6 Bxe6 19. Raxd1 Ne4 20. Nxe4 fxe4 21. h3
Rac8 22. Rc1 h6 23. Rc2 Rxc2 24. Bxc2 Rc8 25. Bd1 Rc1 26. Kf1 Ra1 27. Bg4 Rxe1+
28. Kxe1 Bxg4 29. hxg4 Kf7 30. f3 a5 31. Kd2 g6 32. Ke2 h5 33. gxh5 gxh5 34. Kf2
a4 35. Kg3 b4 36. axb4 a3 37. b5 a2 38. b6 a1=Q 39. b7 Qb2 40. Kf4 Ke6 41. g3
Qxb7 42. fxe4 dxe4 0-1

[Event "AUTO-INT-914"]
[Site "http://www.queenalice.com/game.php?id=408776"]
[Date "2008.5.27"]
[Round "1"]
[White "gordola"]
[Black "Altos"]
[Result "1-0"]
[WhiteElo "1352"]
[BlackElo "1669"]

1. d4 d5 2. Nc3 e6 3. e4 Bb4 4. Bd2 dxe4 5. a3 Bd6 6. Nxe4 Nf6 7. Nxd6+ Qxd6 8.
Bb4 Qd8 9. Nf3 Nc6 10. Ne5 Nxb4 11. axb4 Qd6 12. c3 O-O 13. Bd3 b6 14. O-O Bb7
15. f3 Nd7 16. Nxd7 Qxd7 17. Bc2 Bd5 18. b3 Qd6 19. c4 Bc6 20. c5 Qf4 21. Qe1
Qxd4+ 22. Rf2 Rfd8 23. Rd1 Qb2 24. Bxh7+ Kxh7 25. Rxb2 Re8 26. Qh4+ Kg8 27. Rbd2
Bd5 28. Rd3 Rad8 29. f4 b5 30. Rh3 Kf8 31. Qh8+ Ke7 32. Qxg7 Rg8 33. Qh6 Bxb3
34. Rxd8 Kxd8 35. Rxb3 1-0

[Event "AUTO-INT-914"]
[Site "http://www.queenalice.com/game.php?id=408777"]
[Date "2008.5.27"]
[Round "1"]
[White "Altos"]
[Black "gordola"]
[Result "1/2-1/2"]
[WhiteElo "1646"]
[BlackElo "1340"]

1. e4 e6 2. d4 Nc6 3. d5 exd5 4. Qxd5 Nf6 5. Qd3 Qe7 6. Nc3 g6 7. Nf3 Bg7 8. Bf4
d6 9. Nd5 Nxd5 10. Qxd5 Bxb2 11. Rb1 Bc3+ 12. Bd2 Bxd2+ 13. Nxd2 O-O 14. a3 Qe5
15. Qxe5 Nxe5 16. Bd3 Nxd3+ 17. cxd3 b6 18. O-O c5 19. Nc4 Ba6 20. Rfd1 Bxc4 21.
dxc4 Rfe8 22. f3 Rad8 23. Kf2 Kg7 24. Rd5 h5 25. Rbd1 Re6 26. Ke3 f6 27. f4 Rde8
28. Rxd6 Rxe4+ 29. Kf2 Rxf4+ 30. Kg1 Kh6 31. Rd7 Rxc4 32. Rxa7 b5 33. Rb7
1/2-1/2

[Event "QA-ANNIV-04"]
[Site "http://www.queenalice.com/game.php?id=418351"]
[Date "2008.6.16"]
[Round "1"]
[White "gordola"]
[Black "Pollyanna"]
[Result "0-1"]
[WhiteElo "1418"]
[BlackElo "1678"]

1. d4 Nf6 2. c4 e6 3. Nf3 d5 4. e3 c5 5. b3 Nc6 6. Be2 dxc4 7. bxc4 cxd4 8. Nxd4
Nxd4 9. Qxd4 Bd6 10. O-O Qc7 11. Nc3 Bxh2+ 12. Kh1 Be5 13. Qd3 O-O 14. Rb1 Bd7
15. Ne4 Bc6 16. Bf3 Rad8 17. Qc2 Nxe4 18. Bxe4 Bxe4 19. Qxe4 f5 20. Qf3 Qxc4 21.
Ba3 Rf6 22. Qxb7 Qh4+ 0-1

[Event "QA-ANNIV-04"]
[Site "http://www.queenalice.com/game.php?id=445645"]
[Date "2008.8.8"]
[Round "2"]
[White "gordola"]
[Black "ZZZZ"]
[Result "1/2-1/2"]
[WhiteElo "1432"]
[BlackElo "1724"]

1. d4 d5 2. c4 dxc4 3. e4 b5 4. b3 Ba6 5. Be2 Nc6 6. d5 Ne5 7. Nc3 b4 8. Na4 Bb5
9. Nc5 Rb8 10. a4 bxa3 11. Bxa3 e6 12. Nf3 Nxf3+ 13. Bxf3 c3 14. b4 Qe7 15. Be2
Nf6 16. Bxb5+ Rxb5 17. Qc2 exd5 18. Qxc3 dxe4 19. O-O Qd8 20. Qe5+ Be7 21. Rad1
Qc8 22. Qd4 O-O 23. Nxe4 Rd8 24. Qe3 Rxd1 25. Rxd1 Rd5 26. Rxd5 Nxd5 27. Qxa7 h6
28. b5 Bxa3 29. Qxa3 c6 30. bxc6 Qxc6 31. h3 f5 32. Ng3 f4 33. Nf5 Qg6 34. Ne7+
Nxe7 35. Qxe7 Qb1+ 36. Kh2 Qf5 37. Qe8+ Kh7 38. f3 Qg6 39. Qe7 Qg3+ 40. Kg1 h5
41. Qe4+ g6 42. Qe7+ Kh6 43. Qf8+ Kh7 44. Qf7+ Kh6 45. Qf8+ Kg5 46. Qe7+ Kf5 47.
Qf7+ Ke5 48. Qe7+ Kd5 49. Qf7+ Ke5 50. Qe7+ Kf5 51. Qf7+ Kg5 52. Qe7+ Kh6 53.
Qf8+ Kh7 54. Qf7+ Kh6 55. Qf8+ Kg5 56. Qe7+ Kh6 1/2-1/2